| 000 | 00678cab a2200205 4500 | ||
|---|---|---|---|
| 001 | ABS38779 | ||
| 008 | 090401t1988 xxu||||| |||| 00| 0 eng d | ||
| 035 | _a(Sirsi) u12363 | ||
| 041 | _aeng | ||
| 245 | _aStructural frames | ||
| 260 | _c1988 | ||
| 350 | _a0 | ||
| 490 |
_aBuilding _v253(7535) 19 February 1988, 47-65(10) |
||
| 520 | _aThis Building Technology Special discusses the advantages and drawbacks of the various types of framing systems such as steel , concrete , precast concrete and insitu concrete . | ||
| 650 | _aBRICK CLADDING | ||
| 650 | _aFAST TRACK CONSTRUCTION | ||
| 690 | _aBUILT ENVIRONMENT-BUILDING MATERIALS | ||
| 942 | _n0 | ||
| 948 | _c04/03/1997 | ||
| 999 |
_c7903 _d7903 |
||